Statistics for Biggest city in Denmark

Click here to take the quiz!

General Stats

  • This quiz has been taken 13 times
  • The average score is 5 of 11

Answer Stats

HintAnswer% Correct
3odense
100%
4Aalborg
92%
2Aarhus
92%
5Esbjerg
46%
6Randers
38%
10Roskilde
38%
7Kolding
31%
9vejle
31%
8Horsens
23%
11Herning
15%
1Copenhaugen
0%

Score Distribution

Percentile by Number Answered

Percent of People with Each Score

Your Score History

You have not taken this quiz